[Event "32. Staufer-Open A-Turnier"]
[Site "Schwäbisch Gmünd"]
[Date "2020.01.02"]
[Round "2.32"]
[White "Wecker, Martin"]
[Black "Krastev, Alexander"]
[Result "0-1"]
[WhiteElo "2138"]
[BlackElo "2333"]
[PlyCount "64"]
[EventDate "2020.??.??"]
[WhiteTeam "Godesberger SK"]
[BlackTeam "Biebertaler SF"]

1. Nf3 c5 2. c4 g6 3. e4 Bg7 4. d4 cxd4 5. Nxd4 Nc6 6. Be3 Nf6 7. Nc3 O-O 8.
Be2 d6 9. O-O Bd7 10. Qd2 Nxd4 11. Bxd4 Bc6 12. f3 Nd7 13. Be3 a5 14. b3 Nc5
15. Rab1 e6 16. Rfd1 Be5 17. g3 Qe7 18. Rbc1 b6 19. Bf1 f5 20. exf5 Bxf3 21.
fxg6 Bxd1 22. gxh7+ Qxh7 23. Rxd1 Ra7 24. Bg2 Rg7 25. Ne2 Rf6 26. Nf4 Rh6 27.
Bf3 Ne4 28. Qg2 Rxh2 29. Qxh2 Rxg3+ 30. Bg2 Qxh2+ 31. Kxh2 Rxe3 32. Rf1 Ng3 0-1

[Event "32. Staufer-Open A-Turnier"]
[Site "Schwäbisch Gmünd"]
[Date "2020.01.02"]
[Round "2.36"]
[White "Siddharth, Jagadeesh"]
[Black "Kutzner, Stephen"]
[Result "1-0"]
[WhiteElo "2301"]
[BlackElo "2141"]
[PlyCount "73"]
[EventDate "2020.??.??"]
[BlackTeam "Godesberger SK"]

1. d4 Nf6 2. c4 g6 3. Nc3 d5 4. cxd5 Nxd5 5. e4 Nxc3 6. bxc3 Bg7 7. Qa4+ Nd7 8.
Nf3 O-O 9. Be2 e5 10. d5 Nc5 11. Qc2 f5 12. Ba3 b6 13. Bxc5 bxc5 14. O-O fxe4
15. Qxe4 Rf4 16. Qe3 Qd6 17. Nd2 Bh6 18. g3 Rh4 19. f4 Rh3 20. Nc4 Bxf4 21. Qe4
Qd8 22. gxf4 Bf5 23. Qxe5 Qf8 24. Qxc7 Re8 25. Ne5 Be4 26. d6 Rxh2 27. Bc4+ Kh8
28. Nf7+ Qxf7 29. Kxh2 Qxc4 30. Rf2 Qd5 31. d7 Rf8 32. Qc8 Kg8 33. Re1 Qh5+ 34.
Kg3 g5 35. Qxf8+ Kxf8 36. d8=Q+ Kf7 37. fxg5+ 1-0

[Event "32. Staufer-Open A-Turnier"]
[Site "Schwäbisch Gmünd"]
[Date "2020.01.02"]
[Round "2.37"]
[White "Höglauer, Patrick"]
[Black "Gramb, Marius"]
[Result "1-0"]
[WhiteElo "2299"]
[BlackElo "2126"]
[PlyCount "73"]
[EventDate "2020.??.??"]
[WhiteTeam "SC Grunbach"]
[BlackTeam "Brühler SK"]

1. e4 c6 2. d4 d5 3. Nc3 dxe4 4. Nxe4 Nd7 5. Ng5 Ngf6 6. Bd3 e6 7. N1f3 Bd6 8.
Qe2 h6 9. Ne4 Nxe4 10. Qxe4 Qc7 11. Bd2 b6 12. c4 Bb7 13. Bc3 c5 14. d5 O-O-O
15. O-O-O exd5 16. cxd5 Bf4+ 17. Kb1 Rhe8 18. Qf5 f6 19. Rhe1 Kb8 20. Bb5 Rxe1
21. Rxe1 Nf8 22. Bc4 Bd6 23. Qd3 Qf7 24. Nh4 Bc8 25. g3 Re8 26. Re3 Bd7 27. a3
Re7 28. Ka1 Qe8 29. Rxe7 Qxe7 30. f4 Qe8 31. Ba6 Qh5 32. Ka2 Qg4 33. Qe4 f5 34.
Qe1 g6 35. Be5 Bxe5 36. Qxe5+ Ka8 37. Qc7 1-0

[Event "32. Staufer-Open A-Turnier"]
[Site "Schwäbisch Gmünd"]
[Date "2020.01.02"]
[Round "2.40"]
[White "Englert, Jon"]
[Black "Welling, Gerard"]
[Result "0-1"]
[WhiteElo "2106"]
[BlackElo "2289"]
[PlyCount "88"]
[EventDate "2020.??.??"]
[WhiteTeam "TV-Großostheim"]

1. d4 g6 2. c4 Bg7 3. e4 d6 4. f3 e5 5. d5 f5 6. Nc3 Nd7 7. Be3 Bh6 8. Bxh6
Qh4+ 9. g3 Qxh6 10. Qd2 Qxd2+ 11. Kxd2 Ngf6 12. Bh3 fxe4 13. fxe4 Nc5 14. Bxc8
Rxc8 15. Re1 a5 16. h3 O-O 17. g4 Rf7 18. Re3 Rcf8 19. Nge2 h6 20. b3 Nh7 21.
h4 Rf1 22. Rhh3 R8f2 23. Kc2 Rg2 24. Rhg3 Rxg3 25. Rxg3 Nf6 26. g5 hxg5 27.
Rxg5 Kf7 28. Ng3 Rf2+ 29. Kd1 Rh2 30. h5 Nxh5 31. Nxh5 gxh5 32. Ke1 Rc2 33. Nb5
Nxe4 34. Rxh5 c6 35. dxc6 bxc6 36. Na7 Rxa2 37. Rh3 a4 38. Nxc6 a3 39. Rf3+ Ke6
40. Nb4 Ra1+ 41. Ke2 a2 42. Nc2 Rc1 43. Kd3 Rxc2 44. Rf1 Rb2 0-1

[Event "32. Staufer-Open A-Turnier"]
[Site "Schwäbisch Gmünd"]
[Date "2020.01.02"]
[Round "2.41"]
[White "Budzyn, Matthias"]
[Black "Stork, Oliver"]
[Result "0-1"]
[WhiteElo "2119"]
[BlackElo "2267"]
[PlyCount "174"]
[EventDate "2020.??.??"]
[WhiteTeam "SG Turm Kiel"]
[BlackTeam "SV Oberursel"]

1. e4 c5 2. c3 Nf6 3. e5 Nd5 4. Nf3 e6 5. Bc4 d6 6. d4 cxd4 7. cxd4 Nc6 8. O-O
Be7 9. Qe2 O-O 10. Nc3 Nxc3 11. bxc3 dxe5 12. dxe5 b6 13. Bd3 Qc7 14. Re1 Bb7
15. Ng5 Bxg5 16. Bxg5 Ne7 17. Qg4 Qxc3 18. Bxe7 Qxd3 19. Rad1 Qc2 20. Rc1 Qd2
21. Red1 Qh6 22. Bxf8 Kxf8 23. Qb4+ Kg8 24. Qe7 Bd5 25. h4 Qf4 26. Qg5 Qa4 27.
Rd2 h6 28. Qg3 b5 29. Rc7 a5 30. Rdc2 Qe4 31. Rc8+ Rxc8 32. Rxc8+ Kh7 33. Rc7
Qf5 34. Ra7 Bxa2 35. Rxa5 Bc4 36. Qc3 Qe4 37. Ra7 Bd5 38. Qg3 Qf5 39. Qc3 Qb1+
40. Kh2 b4 41. Qg3 Qf5 42. Ra4 b3 43. Qf4 Qg6 44. Qg3 Qc2 45. Rg4 g6 46. Qf4
Kg8 47. Qf6 Qf5 48. Rb4 Qxf6 49. exf6 g5 50. h5 Kh7 51. Kg3 Kg8 52. f3 Kh7 53.
Kf2 e5 54. g4 e4 55. fxe4 Be6 56. Kg3 Kg8 57. Kf3 Kh7 58. e5 Bd5+ 59. Ke3 Be6
60. Kd2 Bd5 61. Kc3 Be6 62. Kd2 Bd5 63. Ke2 Be6 {(=)} 64. Kf3 Bd5+ 65. Kg3 Be6
66. Rb8 Bd5 67. Kf2 Be6 68. Kf3 Bd5+ 69. Ke3 Be6 70. Rf8 b2 71. Rb8 Bxg4 72.
Rxb2 Bxh5 73. Rb8 Bg4 74. Kd4 Be6 75. Kc5 h5 76. Kd6 h4 77. Re8 h3 78. Rxe6 h2
79. Re7 h1=Q 80. Rxf7+ Kg6 81. Rg7+ Kf5 82. f7 Qh8 83. Rxg5+ Kxg5 84. Ke7 Qxe5+
85. Kd7 Qf6 86. Ke8 Qe6+ 87. Kf8 Kg6 0-1

[Event "32. Staufer-Open A-Turnier"]
[Site "Schwäbisch Gmünd"]
[Date "2020.01.03"]
[Round "3.1"]
[White "Sedlak, Nikola"]
[Black "Lanka, Zigurds"]
[Result "0-1"]
[WhiteElo "2563"]
[BlackElo "2377"]
[PlyCount "62"]
[EventDate "2020.??.??"]
[WhiteTeam "SV Deggendorf"]
[BlackTeam "SC Viernheim"]

1. d4 Nf6 2. Nf3 g6 3. c4 Bg7 4. Nc3 d6 5. e4 O-O 6. Be2 e5 7. O-O Nc6 8. d5
Ne7 9. Bg5 Nh5 10. Re1 h6 11. Bd2 Nf4 12. Bf1 g5 13. h3 c6 14. dxc6 bxc6 15. c5
dxc5 16. Be3 Qc7 17. Bxc5 Rd8 18. Qc2 Neg6 19. Nd1 Ne6 20. Ne3 Ngf4 21. Nf5
Nxc5 22. Nxg7 Ncd3 23. Bxd3 Rxd3 24. Ne8 Qe7 25. Nxe5 Qxe5 26. Qxc6 Rb8 27.
Nf6+ Kh8 28. Nd5 Be6 29. Ne3 Rxb2 30. Qe8+ Kh7 31. Nc4 Nxh3+ 0-1

[Event "32. Staufer-Open A-Turnier"]
[Site "Schwäbisch Gmünd"]
[Date "2020.01.03"]
[Round "3.2"]
[White "Unzicker, Ferdinand"]
[Black "Schröder, Jan-Christian"]
[Result "1/2-1/2"]
[WhiteElo "2322"]
[BlackElo "2553"]
[PlyCount "213"]
[EventDate "2020.??.??"]
[WhiteTeam "FC Bayern München"]
[BlackTeam "SF 1903 Berlin"]

1. d4 Nf6 2. c4 e6 3. Nc3 Bb4 4. e3 O-O 5. Bd3 d5 6. Nf3 b6 7. a3 Bxc3+ 8. bxc3
Ba6 9. cxd5 Bxd3 10. Qxd3 Qxd5 11. c4 Qe4 12. Qxe4 Nxe4 13. Bb2 c5 14. Ke2 Nc6
15. Rac1 Rac8 16. Rc2 Rfd8 17. Rhc1 f6 18. g4 Kf7 19. h3 Na5 20. Kd3 Nd6 21.
Nd2 h5 22. Ke2 hxg4 23. hxg4 Rh8 24. dxc5 bxc5 25. Bc3 Nc6 26. Rg1 e5 27. Rcc1
Rh4 28. Rcd1 Ke6 29. Nf3 Rh3 30. Nd2 Rb8 31. Rc1 Rb6 32. Rh1 Rxh1 33. Rxh1 Ra6
34. Ra1 Ra4 35. Kd3 Ne7 36. f3 Nec8 37. Bb2 Nb6 38. Rc1 Ra6 39. Nb3 Na4 40. Ba1
Rb6 41. Nd2 Rb8 42. Rh1 Rd8 43. Kc2 Nb6 44. Kc3 Kf7 45. Rh2 Re8 46. Kd3 Rd8 47.
Kc3 Nb7 48. Rh1 Na5 49. Rb1 Nb7 50. Rh1 Kg6 51. Rh2 Na5 52. Rh1 Rb8 53. Rh2 Nb7
54. Ne4 Rd8 55. Nd2 Nd6 56. Rh1 Rg8 57. Rh2 Kf7 58. Rh1 Ke6 59. Kd3 Kd7 60. Rh2
Kc6 61. Rh1 Rd8 62. Kc3 Nd7 63. Rh7 Rg8 64. Kd3 Nf8 65. Rh1 Ne6 66. Bc3 Re8 67.
Ke2 Ng5 68. Rh2 Nc8 69. Rh1 Nb6 70. Ba1 Rd8 71. Bc3 Re8 72. Ba1 a5 73. Bc3 a4
74. Ba5 Nc8 75. Bc3 Nd6 76. Kf2 Rb8 77. Ke2 Rd8 78. Ba1 Re8 79. Kf2 Ne6 80. Ke2
Nf7 81. Kf2 Nfg5 82. Ke2 Nd8 83. Kf2 Nb7 84. Bc3 Rd8 85. Ke2 Nd6 86. Ba1 Rg8
87. Kf2 e4 88. f4 Ngf7 89. Rh7 Kd7 90. Kg3 Ke6 91. Rh5 f5 92. gxf5+ Nxf5+ 93.
Kf2 N7d6 94. Be5 g6 95. Rh7 Rd8 96. Ra7 g5 97. Ra6 gxf4 98. Bxf4 Kd7 99. Rxa4
Rb8 100. Ra7+ Kc6 101. Be5 Re8 102. Bf4 Rb8 103. Be5 Re8 104. Ra6+ Kd7 105. Bf4
Rb8 106. Be5 Re8 107. Bf4 1/2-1/2

[Event "32. Staufer-Open A-Turnier"]
[Site "Schwäbisch Gmünd"]
[Date "2020.01.03"]
[Round "3.3"]
[White "Vorobiov, Evgeny E"]
[Black "Köllner, Ruben Gideon"]
[Result "1-0"]
[WhiteElo "2535"]
[BlackElo "2328"]
[PlyCount "117"]
[EventDate "2020.??.??"]
[WhiteTeam "SF 90 Spraitbach"]
[BlackTeam "SF Deizisau"]

1. Nf3 Nf6 2. c4 e6 3. g3 d5 4. d4 Bb4+ 5. Bd2 Bd6 6. Nc3 c6 7. Qc2 Nbd7 8. e4
dxe4 9. Nxe4 Nxe4 10. Qxe4 Qe7 11. O-O-O O-O 12. Bd3 f5 13. Qe2 c5 14. Rhe1
cxd4 15. Nxd4 Nc5 16. Bxf5 exf5 17. Qxe7 Bxe7 18. Rxe7 Nd3+ 19. Kc2 Nxf2 20.
Rf1 Ng4 21. Bc3 Rf7 22. Re8+ Rf8 23. Rxf8+ Kxf8 24. Nxf5 Nxh2 25. Bb4+ Kf7 26.
Nd6+ Kg8 27. Re1 Bd7 28. Re7 Rd8 29. Bc3 Ba4+ 30. b3 Rxd6 31. Rxg7+ Kf8 32.
bxa4 Rc6 33. Rxb7 a6 34. Kb3 Nf1 35. Bb4+ Ke8 36. g4 h6 37. a5 Kd8 38. Rg7 Ne3
39. Be7+ Ke8 40. Bb4 Nxc4 41. Re7+ Kd8 42. Re4 Nd6 43. Rd4 Kc7 44. Bxd6+ Rxd6
45. Rxd6 Kxd6 46. Kc4 Kc6 47. a3 Kd6 48. Kd4 Kc6 49. Ke5 Kb5 50. Kf6 Kxa5 51.
Kg6 Ka4 52. Kxh6 Kxa3 53. g5 a5 54. g6 a4 55. g7 Kb2 56. g8=Q a3 57. Qg2+ Kb1
58. Qe4+ Kc1 59. Qc4+ 1-0

[Event "32. Staufer-Open A-Turnier"]
[Site "Schwäbisch Gmünd"]
[Date "2020.01.03"]
[Round "3.4"]
[White "Orlov, Andrey"]
[Black "Suvorov, Alexander"]
[Result "1/2-1/2"]
[WhiteElo "2510"]
[BlackElo "2267"]
[PlyCount "48"]
[EventDate "2020.??.??"]
[WhiteTeam "Düsseldorfer SK"]
[BlackTeam "SG Porz"]

1. e4 c5 2. Nf3 e6 3. g3 d5 4. exd5 exd5 5. d4 Nc6 6. Bg2 Bg4 7. O-O cxd4 8. h3
Bxf3 9. Qxf3 Nf6 10. Bg5 Be7 11. Bxf6 Bxf6 12. Re1+ Kf8 13. Qb3 Ne7 14. Nd2 g6
15. Nf3 Qd6 16. Rad1 Nc6 17. c3 Kg7 18. Nxd4 Nxd4 19. cxd4 Rhd8 20. Re2 b6 21.
Rc2 Qd7 22. h4 Rac8 23. Rxc8 Qxc8 24. Bxd5 Qf5 1/2-1/2

[Event "32. Staufer-Open A-Turnier"]
[Site "Schwäbisch Gmünd"]
[Date "2020.01.03"]
[Round "3.5"]
[White "Vogel, Roven"]
[Black "Richter, Nils"]
[Result "1-0"]
[WhiteElo "2465"]
[BlackElo "2257"]
[PlyCount "47"]
[EventDate "2020.??.??"]
[WhiteTeam "USV TU Dresden"]
[BlackTeam "TSV Schönaich"]

1. d4 Nf6 2. c4 e6 3. Nf3 d5 4. Nc3 Be7 5. cxd5 exd5 6. Bg5 c6 7. Qc2 Nbd7 8.
e3 Nh5 9. Bxe7 Qxe7 10. O-O-O Nb6 11. Kb1 g6 12. Bd3 Be6 13. Rc1 O-O-O 14. Na4
Nxa4 15. Qxa4 Kb8 16. Rc3 Bf5 17. Bxf5 gxf5 18. Ne5 Rd6 19. Ra3 a6 20. Qb4 Ka8
21. Nxf7 Qxf7 22. Qxd6 f4 23. exf4 Nxf4 24. Rf3 1-0

[Event "32. Staufer-Open A-Turnier"]
[Site "Schwäbisch Gmünd"]
[Date "2020.01.03"]
[Round "3.6"]
[White "Buckels, Valentin"]
[Black "Wachinger, Nikolas"]
[Result "1-0"]
[WhiteElo "2459"]
[BlackElo "2232"]
[PlyCount "133"]
[EventDate "2020.??.??"]
[WhiteTeam "SV Mülheim-Nord"]
[BlackTeam "SV Werder Bremen"]

1. d4 Nf6 2. Bf4 d5 3. e3 e6 4. Nf3 Bd6 5. Bg3 O-O 6. Nbd2 c5 7. c3 Qc7 8. dxc5
Bxg3 9. hxg3 Qxc5 10. Bd3 h6 11. Qa4 Nc6 12. g4 e5 13. g5 hxg5 14. Nxg5 e4 15.
Bxe4 dxe4 16. Ndxe4 Qf5 17. Nxf6+ Qxf6 18. Nh7 Qe7 19. Nxf8 Bf5 20. Qf4 Qf6 21.
g4 Bc8 22. Qxf6 gxf6 23. Nh7 Kg7 24. g5 Bg4 25. Nxf6 Bf3 26. Rh7+ Kg6 27. Rh3
Ne5 28. Nd7 Nd3+ 29. Kd2 Bg4 30. Rg3 Nxf2 31. Ne5+ Kh5 32. Ke1 Re8 33. Kxf2
Rxe5 34. Rh1+ Kxg5 35. Rh7 Kg6 36. Rh4 f5 37. Rhxg4+ fxg4 38. Rxg4+ Kf6 39. Rb4
b6 40. Ra4 Rh5 41. Rxa7 Rh2+ 42. Kf3 Rxb2 43. Ke4 Ke6 44. a4 Kd6 45. a5 bxa5
46. Rxa5 Rh2 47. Rd5+ Kc6 48. c4 Rh1 49. Ke5 Rh5+ 50. Kd4 Rh1 51. e4 Rh8 52. c5
Rh6 53. Rg5 Rf6 54. Rg1 Rh6 55. Rb1 Rh2 56. Rb6+ Kd7 57. Rd6+ Kc7 58. e5 Rd2+
59. Kc4 Rc2+ 60. Kd4 Rd2+ 61. Kc3 Re2 62. e6 Re4 63. Kd3 Rh4 64. e7 Rh3+ 65.
Kd4 Rb3 66. e8=Q Rb6 67. Qe7+ 1-0

[Event "32. Staufer-Open A-Turnier"]
[Site "Schwäbisch Gmünd"]
[Date "2020.01.03"]
[Round "3.8"]
[White "Welling, Gerard"]
[Black "Schitco, Ivan"]
[Result "1/2-1/2"]
[WhiteElo "2289"]
[BlackElo "2467"]
[PlyCount "44"]
[EventDate "2020.??.??"]
[BlackTeam "Stuttgarter SF"]

1. b4 d5 2. e3 Nf6 3. Bb2 Bg4 4. Be2 Bxe2 5. Qxe2 Nbd7 6. Nf3 e6 7. b5 Bd6 8.
c4 c6 9. Nc3 a6 10. a4 O-O 11. O-O e5 12. bxc6 bxc6 13. Ba3 Bxa3 14. Rxa3 Qe7
15. Raa1 Qd6 16. d4 e4 17. Nd2 Qb4 18. Rfc1 Rfb8 19. Rab1 Qa3 20. Ra1 Qb4 21.
Rab1 Qa3 22. Ra1 Qb4 1/2-1/2

[Event "32. Staufer-Open A-Turnier"]
[Site "Schwäbisch Gmünd"]
[Date "2020.01.03"]
[Round "3.9"]
[White "Baltic, Fatih"]
[Black "Krassowizkij, Jaroslaw"]
[Result "1/2-1/2"]
[WhiteElo "2286"]
[BlackElo "2462"]
[PlyCount "47"]
[EventDate "2020.??.??"]
[WhiteTeam "SV Mülheim-Nord"]
[BlackTeam "TSV Schönaich"]

1. e4 c5 2. Nf3 Nc6 3. Bb5 g6 4. Bxc6 bxc6 5. O-O Bg7 6. Re1 Qc7 7. h3 d6 8. c3
Nf6 9. e5 dxe5 10. Nxe5 Nd5 11. Nc4 O-O 12. d3 Rd8 13. Qf3 Bf5 14. Bg5 f6 15.
g4 fxg5 16. gxf5 Rf8 17. Qg3 Qxg3+ 18. fxg3 gxf5 19. Nbd2 Rad8 20. Nb3 Nb6 21.
Nxc5 Nxc4 22. dxc4 Rd2 23. Rxe7 Rb8 24. Na4 1/2-1/2

[Event "32. Staufer-Open A-Turnier"]
[Site "Schwäbisch Gmünd"]
[Date "2020.01.03"]
[Round "3.10"]
[White "Trifan, Andrei Ioan"]
[Black "Pap, Misa"]
[Result "0-1"]
[WhiteElo "2245"]
[BlackElo "2427"]
[PlyCount "58"]
[EventDate "2020.??.??"]
[WhiteTeam "OSG Baden-Baden"]
[BlackTeam "SF Augsburg"]

1. e4 e5 2. Nf3 Nc6 3. Nc3 Nf6 4. Bb5 Bd6 5. O-O O-O 6. a3 Nd4 7. d3 c6 8. Bc4
Bc7 9. Ba2 d5 10. h3 dxe4 11. dxe4 Be6 12. Bxe6 fxe6 13. Be3 c5 14. Nd2 Qe8 15.
Ne2 Qb5 16. Ng3 Qxb2 17. Rb1 Qxa3 18. Rxb7 Rf7 19. c3 Qxc3 20. Qa4 Qa5 21. Qc4
Bb6 22. Nb3 Qb4 23. Qa6 Rd8 24. Nxd4 cxd4 25. Rxf7 Kxf7 26. Bg5 d3 27. Nh5 Qa5
28. Qb7+ Rd7 29. Qc6 Rc7 0-1

[Event "32. Staufer-Open A-Turnier"]
[Site "Schwäbisch Gmünd"]
[Date "2020.01.03"]
[Round "3.11"]
[White "Velicka, Petr"]
[Black "Höglauer, Patrick"]
[Result "1-0"]
[WhiteElo "2424"]
[BlackElo "2299"]
[PlyCount "91"]
[EventDate "2020.??.??"]
[WhiteTeam "SG Schwäbisch Gmünd"]
[BlackTeam "SC Grunbach"]

1. Nf3 Nf6 2. c4 e6 3. g3 d5 4. d4 Bb4+ 5. Bd2 Be7 6. Bg2 O-O 7. O-O Nbd7 8.
Qc2 c6 9. Rc1 Ne4 10. Nc3 f5 11. Be1 Bf6 12. e3 Kh8 13. Nd2 Nxd2 14. Bxd2 dxc4
15. Ne2 e5 16. Qxc4 exd4 17. Nxd4 Nb6 18. Qb3 Bxd4 19. exd4 Qxd4 20. Bc3 Qa4
21. Re1 Qxb3 22. axb3 Kg8 23. Bb4 Rf6 24. Bc5 Nd7 25. Be7 Rg6 26. Bf1 Nb6 27.
Bc5 Nd5 28. Re8+ Kf7 29. Rf8+ Ke6 30. Re1+ Kd7 31. Bh3 Rf6 32. Bxf5+ Kc7 33.
Ree8 b6 34. Bd4 Rxf8 35. Rxf8 Ne7 36. Bxh7 g6 37. Bf6 Kd6 38. h4 Ke6 39. Bg5
Bb7 40. Rxa8 Bxa8 41. Bxe7 Kxe7 42. Bxg6 c5 43. f4 Kf6 44. Bc2 Bf3 45. Kf2 Bg4
46. Ke3 1-0

[Event "32. Staufer-Open A-Turnier"]
[Site "Schwäbisch Gmünd"]
[Date "2020.01.03"]
[Round "3.12"]
[White "Jurek, Josef"]
[Black "Lagunow, Raphael"]
[Result "1-0"]
[WhiteElo "2235"]
[BlackElo "2422"]
[PlyCount "53"]
[EventDate "2020.??.??"]
[WhiteTeam "SG Schwäbisch Gmünd"]
[BlackTeam "SK Zehlendorf"]

1. Nf3 c5 2. c4 g6 3. d4 cxd4 4. Nxd4 Bg7 5. e4 Nc6 6. Be3 Nf6 7. Nc3 d6 8. Be2
O-O 9. Rc1 Bd7 10. O-O Nxd4 11. Bxd4 Bc6 12. f3 a5 13. b3 Nd7 14. Be3 Nc5 15.
Qd2 Qb6 16. Nd5 Bxd5 17. cxd5 Qb4 18. Rfd1 Rfc8 19. Rc2 Nd7 20. Kf1 Rxc2 21.
Qxc2 a4 22. bxa4 Rxa4 23. Bd2 Qa3 24. Bb5 Rd4 25. Bxd7 Qa6+ 26. Ke1 Rc4 27. Qb3
1-0

[Event "32. Staufer-Open A-Turnier"]
[Site "Schwäbisch Gmünd"]
[Date "2020.01.03"]
[Round "3.13"]
[White "Roseneck, Jonas"]
[Black "Weber, Samuel"]
[Result "1-0"]
[WhiteElo "2413"]
[BlackElo "2230"]
[PlyCount "96"]
[EventDate "2020.??.??"]
[WhiteTeam "SG Aufbau Elbe Magdeburg"]
[BlackTeam "SV Oberursel"]

1. e4 c5 2. Nf3 Nc6 3. d4 cxd4 4. Nxd4 Nf6 5. Nc3 e5 6. Ndb5 d6 7. Bg5 a6 8.
Na3 b5 9. Nd5 Be7 10. Bxf6 Bxf6 11. c3 O-O 12. Nc2 Rb8 13. h4 Be7 14. Nce3 Be6
15. g3 Qd7 16. Bg2 Bd8 17. O-O a5 18. Qd3 Bc7 19. Rfd1 Rfd8 20. h5 h6 21. Rd2
Bb6 22. Nf5 Bxd5 23. Qxd5 Ne7 24. Qxd6 Bxf2+ 25. Rxf2 Qxd6 26. Nxd6 Rxd6 27.
Bf1 f6 28. Rc2 Kf8 29. Kf2 Nc6 30. Ke3 Ke7 31. Rac1 a4 32. Rd2 Rxd2 33. Kxd2
Kd6 34. Kc2 Kc5 35. b4+ axb3+ 36. axb3 b4 37. Ra1 bxc3 38. Kxc3 Rb4 39. Bc4 Rb8
40. Ra6 f5 41. exf5 e4 42. Ra1 Rd8 43. b4+ Kb6 44. Re1 Rd4 45. Re3 Rd1 46. Rxe4
Rc1+ 47. Kd2 Rg1 48. Re6 Kc7 {Rest unleserlich} 1-0

[Event "32. Staufer-Open A-Turnier"]
[Site "Schwäbisch Gmünd"]
[Date "2020.01.03"]
[Round "3.14"]
[White "Neukirchner, Pascal"]
[Black "Baskin, Robert"]
[Result "0-1"]
[WhiteElo "2224"]
[BlackElo "2406"]
[PlyCount "126"]
[EventDate "2020.??.??"]
[WhiteTeam "SK Gründau"]
[BlackTeam "Wiesbadener SV"]

1. d4 Nf6 2. c4 e6 3. g3 d5 4. Nf3 dxc4 5. Bg2 Bb4+ 6. Bd2 a5 7. Qc2 Bxd2+ 8.
Nbxd2 b5 9. a4 c6 10. b3 cxb3 11. Nxb3 O-O 12. Ne5 Nd5 13. Nxc6 Nxc6 14. Qxc6
Bd7 15. Qd6 bxa4 16. Nc5 {(=)} Bb5 17. Qxd8 Raxd8 18. e3 Nb4 19. Kd2 e5 20. Kc3
exd4+ 21. exd4 Rfe8 22. Rhe1 Rxe1 23. Rxe1 a3 24. Bf1 Bxf1 25. Rxf1 Re8 26. Nb7
Rc8+ 27. Kb3 a2 28. Nxa5 Nc2 29. Kxa2 Nxd4 30. Rd1 Nf3 31. h4 g5 32. Kb3 gxh4
33. gxh4 Nxh4 34. Nc4 Ng6 35. Rd5 Re8 36. Ne3 Kg7 37. Kc4 Re4+ 38. Kd3 Ra4 39.
Rd4 Nf4+ 40. Ke4 Rxd4+ 41. Kxd4 Nh3 42. Nd1 Kg6 43. Ke4 Kg5 44. Kf3 h5 45. Nc3
f5 46. Nb5 Nf4 47. Nd6 h4 48. Nf7+ Kf6 49. Nd6 Ng6 50. Ne8+ Kg5 51. Ng7 Ne5+
52. Kg2 Kg4 53. Ne6 h3+ 54. Kh2 Nf3+ 55. Kh1 Ng5 56. Ng7 f4 57. Kh2 f3 58. Kg1
Ne4 59. Ne6 Nxf2 60. Nd4 Ne4 61. Nc2 Kg3 62. Ne3 h2+ 63. Kh1 Nf2# 0-1

[Event "32. Staufer-Open A-Turnier"]
[Site "Schwäbisch Gmünd"]
[Date "2020.01.03"]
[Round "3.15"]
[White "Nguyen, Alex Dac-Vuong"]
[Black "Högy, Kevin"]
[Result "1-0"]
[WhiteElo "2401"]
[BlackElo "2244"]
[PlyCount "111"]
[EventDate "2020.??.??"]
[WhiteTeam "SG Leipzig"]
[BlackTeam "MTV Tostedt"]

1. e4 e5 2. Nf3 Nc6 3. Bb5 Nf6 4. O-O Nxe4 5. d4 Nd6 6. Bxc6 dxc6 7. dxe5 Nf5
8. Qxd8+ Kxd8 9. Rd1+ Ke8 10. h3 h5 11. Nc3 Be7 12. Bg5 Be6 13. b3 a5 14. a4 b6
15. Rd3 Rd8 16. Rad1 Rxd3 17. Rxd3 Rg8 18. Kh2 f6 19. exf6 gxf6 20. Bf4 Bd6 21.
Ne2 Bd5 22. Bxd6 cxd6 23. Nf4 Be4 24. Rc3 c5 25. Nxh5 Kf7 26. g4 d5 27. gxf5 d4
28. Rd3 Bxd3 29. cxd3 b5 30. axb5 Rb8 31. Nd2 Rxb5 32. Ng3 Ke7 33. Nge4 c4 34.
dxc4 Rxf5 35. Kg3 a4 36. bxa4 Ra5 37. Kf4 Rxa4 38. Kf5 Ra3 39. f3 Ra1 40. Nxf6
Rh1 41. Nfe4 Rxh3 42. Ke5 d3 43. Kd4 Rh8 44. Kxd3 Ke6 45. Ke3 Kf5 46. Ng3+ Ke6
47. f4 Kd6 48. Nge4+ Ke6 49. Nf3 Kf5 50. Nd4+ Kg4 51. Nf6+ Kg3 52. Nf5+ Kh3 53.
Ke4 Rc8 54. Kd4 Rf8 55. Ke5 Kg2 56. Ne7 1-0

[Event "32. Staufer-Open A-Turnier"]
[Site "Schwäbisch Gmünd"]
[Date "2020.01.03"]
[Round "3.16"]
[White "Gschnitzer, Adrian"]
[Black "Weiss, Andreas"]
[Result "1-0"]
[WhiteElo "2388"]
[BlackElo "2193"]
[PlyCount "95"]
[EventDate "2020.??.??"]
[WhiteTeam "SV Walldorf"]
[BlackTeam "SG Schwäbisch Gmünd"]

1. d4 Nf6 2. c4 e6 3. Nc3 Bb4 4. f3 d5 5. a3 Bxc3+ 6. bxc3 b6 7. cxd5 exd5 8.
e3 O-O 9. Bd3 Ba6 10. Ne2 Re8 11. O-O c5 12. Ng3 cxd4 13. cxd4 Bxd3 14. Qxd3
Nc6 15. Ra2 Qd7 16. Re2 b5 17. Bb2 b4 18. e4 bxa3 19. Ba1 Nb4 20. Qxa3 Qb5 21.
e5 a5 22. Qe3 Nd7 23. Nf5 Ra6 24. Bc3 Qd3 25. Qxd3 Nxd3 26. Ra2 Nf4 27. g3 Ne6
28. Rxa5 Rxa5 29. Bxa5 g6 30. Nd6 Ra8 31. Bc3 Ra3 32. Rc1 Nb6 33. f4 h5 34. Rc2
Na4 35. Bb4 Ra1+ 36. Kf2 Nb6 37. Rc6 Nd7 38. Rc8+ Kg7 39. Ne8+ Kh7 40. Be7 Nxd4
41. Rd8 Ra2+ 42. Ke1 Ra7 43. Rxd7 Rxd7 44. Nf6+ Kg7 45. Nxd7 Nf3+ 46. Kf2 Nxh2
47. Nf6 d4 48. Kg2 1-0

[Event "32. Staufer-Open A-Turnier"]
[Site "Schwäbisch Gmünd"]
[Date "2020.01.03"]
[Round "3.17"]
[White "Wenninger, Philipp"]
[Black "Nehyba, Martin"]
[Result "1-0"]
[WhiteElo "2366"]
[BlackElo "2189"]
[PlyCount "31"]
[EventDate "2020.??.??"]
[WhiteTeam "TSV Schönaich"]

1. d4 f5 2. Bg5 Nf6 3. Bxf6 exf6 4. e3 d5 5. c4 Be6 6. Nc3 Bb4 7. Nge2 c6 8.
Qb3 Qd6 9. Nf4 Bf7 10. c5 Bxc3+ 11. bxc3 Qe7 12. Bd3 g6 13. O-O O-O 14. Rfb1
Nd7 15. Qxb7 Rfc8 16. Qb2 1-0

[Event "32. Staufer-Open A-Turnier"]
[Site "Schwäbisch Gmünd"]
[Date "2020.01.03"]
[Round "3.18"]
[White "Farmani Anosheh, Armin"]
[Black "Siegismund, Annelen"]
[Result "1-0"]
[WhiteElo "2353"]
[BlackElo "2119"]
[PlyCount "135"]
[EventDate "2020.??.??"]
[WhiteTeam "SK Ladenburg"]
[BlackTeam "SF Heidesheim"]

1. e4 c5 2. Nf3 e6 3. d4 cxd4 4. Nxd4 a6 5. Bd3 Bc5 6. Nb3 Ba7 7. O-O Nc6 8.
Qe2 d6 9. Be3 Nf6 10. Bxa7 Rxa7 11. c4 e5 12. Nc3 O-O 13. Rad1 Bg4 14. f3 Be6
15. Qe3 Qb8 16. Be2 b5 17. cxb5 axb5 18. Bxb5 Nb4 19. Nc1 d5 20. Qc5 Nxa2 21.
N1xa2 d4 22. Nb4 dxc3 23. bxc3 Ra5 24. c4 Bxc4 {(=)} 25. Qxc4 Rxb5 26. Nc6 Qb6+
27. Kh1 Rc5 28. Ne7+ Kh8 29. Qd3 h6 30. Qe3 Rb5 31. Qe1 Kh7 32. Nf5 Rd8 33. Rc1
g6 34. Ne3 Qa5 35. Qh4 Kg7 36. Rc6 Ng8 37. Nd5 Rdb8 38. Qg3 Rxd5 39. exd5 Qxd5
40. Rc2 Ne7 41. Re2 Rb5 42. Rfe1 Qd4 43. Rc1 Nf5 44. Qe1 h5 45. Re4 Qb2 46. Rd1
h4 47. Re2 Qb3 48. Rxe5 h3 49. Rxb5 hxg2+ 50. Kxg2 Qxb5 51. Qc3+ Kh7 52. Rd8
Nh4+ 53. Kf2 Qb6+ 54. Qd4 Qxd4+ 55. Rxd4 Nf5 56. Rd7 Kg7 57. f4 Kf6 58. Ra7 Ng7
59. Ra5 Nf5 60. Kf3 Nd4+ 61. Kg4 Nf5 62. Rxf5+ gxf5+ 63. Kh5 Kg7 64. Kg5 Kh7
65. Kf6 Kh6 66. Kxf7 Kh5 67. Kf6 Kg4 68. Ke5 1-0

[Event "32. Staufer-Open A-Turnier"]
[Site "Schwäbisch Gmünd"]
[Date "2020.01.03"]
[Round "3.19"]
[White "Krastev, Alexander"]
[Black "Tscharotschkin, Michael"]
[Result "1/2-1/2"]
[WhiteElo "2333"]
[BlackElo "2156"]
[PlyCount "82"]
[EventDate "2020.??.??"]
[WhiteTeam "Biebertaler SF"]
[BlackTeam "SF Neckartenzlingen"]

1. e4 e6 2. d3 d5 3. Nd2 Nf6 4. Ngf3 Be7 5. g3 O-O 6. Bg2 c5 7. O-O Nc6 8. Re1
b6 9. e5 Ne8 10. Nf1 f6 11. Bf4 fxe5 12. Nxe5 Nxe5 13. Bxe5 Bf6 14. Nd2 Bxe5
15. Rxe5 Qf6 16. f4 Nd6 17. Nc4 Nf7 18. Re2 g5 19. fxg5 Qd4+ 20. Kh1 Bd7 21.
Ne5 Nxe5 22. c3 Qxd3 23. Rxe5 Qxd1+ 24. Rxd1 Rf2 25. c4 Raf8 26. cxd5 exd5 27.
Bxd5+ Kh8 28. h4 Bg4 {(=)} 29. Rde1 Rxb2 30. Re8 Rbf2 31. Rxf8+ Rxf8 32. Re7
Rd8 33. Be4 Rd7 34. Re8+ Kg7 35. Kg1 c4 36. Kf2 c3 37. Ke3 Rc7 38. Bc2 Bh5 39.
Rd8 {(=)} Bg6 40. Bb3 Bf7 41. Bc2 Bg6 1/2-1/2